header

Global employment trends for youth (Record no. 36932)

MARC details
000 -LEADER
fixed length control field 01137nam a2200289Ia 4500
245 00 - TITLE STATEMENT
Title Global employment trends for youth
260 ## - PUBLICATION, DISTRIBUTION, ETC. (IMPRINT)
Place of publication Geneva :
Name of publisher International Labour Office,
Year of publication 2013.
300 ## - PHYSICAL DESCRIPTION
Number of Pages ix, 111 p. :
Other physical details ill.
650 #0 - SUBJECT ADDED ENTRY--TOPICAL TERM
Topical Term Youth
Topical Term Youth
856 40 - ELECTRONIC LOCATION AND ACCESS
Uniform Resource Identifier http://site.ebrary.com/lib/rucke/Doc?id=10734906

No items available.

© 2026 Rongo University
Contact us: librarian | system librarian | Rongo university